000 005140000a22002170004500
003 LK-CoMWRAF
005 20230925153455.0
008 230817t1978 ||||| |||| 00| 0 eng d
040 _aLK-CoMWRAF
_dLK-CoMWRAF
_eLK-CoMWRAF
041 _aeng
082 _a297
_bHUS
100 _aHussain,S.Athar
245 _aProphet Muhammad and his mission
250 _a2nd Edition
260 _aLucknow :
_bAIRP,
_c1978
300 _a214p
490 _aNo.114
650 _aIslam
650 _aProphet Mohammed
942 _cBK
999 _c6
_d6